Statistics for AJR - Next Up Forever Lyrics

Click here to take the quiz!

General Stats

  • This quiz has been taken 56 times
  • The average score is 322 of 375

Answer Stats

Lyrics% Correct
a
97%
are
97%
be
97%
for
97%
forever
97%
i
97%
in
97%
it
97%
me
97%
next
97%
so
97%
up
97%
when
97%
you
97%
and
94%
go
94%
my
94%
the
94%
this
94%
to
94%
what
94%
who
94%
about
91%
is
91%
just
91%
line
91%
now
91%
they
91%
wanna
91%
where
91%
without
91%
your
91%
album
88%
around
88%
big
88%
help
88%
i'm
88%
never
88%
open
88%
right
88%
see
88%
somebody
88%
someday
88%
them
88%
all
84%
back
84%
god
84%
grow
84%
if
84%
i'll
84%
let's
84%
should
84%
they're
84%
am
81%
another
81%
close
81%
damn
81%
drop
81%
eyes
81%
how
81%
kinda
81%
like
81%
make
81%
push
81%
scared
81%
second
81%
talking
81%
they'll
81%
walking
81%
week
81%
world
81%
you'll
81%
can
78%
find
78%
of
78%
was
78%
'cause
75%
don't
75%
finally
75%
finding
75%
graduation
75%
looks
75%
much
75%
ocean
75%
peak
75%
sail
75%
sex
75%
still
75%
virgin
75%
wish
75%
yet
75%
but
72%
done
72%
growing
72%
hit
72%
imagination
72%
own
72%
sounds
72%
way
72%
bigger
69%
come
69%
down
69%
gotta
69%
know
69%
take
69%
you're
69%
everybody
66%
not
66%
proud
66%
thing
66%
always
63%
broken
63%
neotheater
63%
time
63%
best
59%
ready
59%
their
59%
welcome
59%
everybody's
56%
seats
56%
shut
56%
sometime
56%
think
56%
fucking
53%
won't
53%
coming
47%
what's
41%

Score Distribution

Percentile by Number Answered

Percent of People with Each Score

Your Score History

You have not taken this quiz